000 06466cam a2200685 a 4500
005 20090122145021.0
008 860423t19861925nyu 000 1 eng
010 _aB-358892
020 _a9788128614484
_c199.00
035 _aB-358892
035 _aB-336093-124
037 _bBlueberry Books
040 _adpl
_bEnglish
082 _aN
100 _aChristie, Agatha
245 _aAnd then there were none /
_cby Agatha Christie; illustrated by Frank Leclercq
260 _aMumbai
_bEuro Books
_c2007
270 _aDani Corporate Park, 158 Vidyanagari Marg, Kalina, Santacruz
_bMumbai
_e400098
300 _a46 p.
_c31cm.(pbk)
_bcol.ill.
500 _aIt's a graphic novel
655 _aDetective and mystery stories.
655 _aDetective and mystery stories.
700 _aLeclercq, Frnak
942 _2ddc
_cCH
_hN
_mCHI
999 _c22239
_d22239